| 000 | 00521nam a22001937a 4500 | ||
|---|---|---|---|
| 003 | KOHA_MİRAKIL | ||
| 005 | 20251114153350.0 | ||
| 008 | 251114b tu ||||| |||| 00| 0 tur d | ||
| 020 | _a9786052601501 | ||
| 040 |
_aTR-AnABB _btur _cTR-AnABB |
||
| 041 | _atur | ||
| 082 |
_a814.42 _bEYL 2018 |
||
| 100 | 1 | _aEylem, Arzu, | |
| 245 | 1 | 0 |
_aÇokçağı / _cArzu Eylem |
| 260 |
_aİstanbul : _bNota Bene Yayınları, _c2018 |
||
| 300 |
_a184 sayfa ; _c20 cm |
||
| 650 | 0 | 4 | _aTürk edebiyatı, roman |
| 942 |
_2ddc _cBK |
||
| 999 |
_c9403 _d9403 |
||
| 900 | _bGizem YORULMAZ | ||